000 00638nam a22001937a 4500
005 20251108172913.0
008 250721s2004 xx 000 0 ara d
020 _a9948042905
082 1 4 _a792.015/ كرو
100 1 _aكرومي، عوني
_eمؤلف
245 1 0 _aالخطاب المسرحي : دراسات عن المسرح و الجمهور و الضحك /
264 1 _aالشارقة :
_bدائرة الثقافة و الإعلام،
_c2004.
300 _a210ص.
490 0 _aالمسرحية ( الدراسات )
650 1 7 _aالمسرح
650 1 7 _aالنقد المسرحي
942 _2ddc
_cBK
999 _c91410
_d91410